00648nam a2200157 a 4500003000200000005001700002008004100019050002700060100002200087245015500109260009000264300004000354504004100394650002900435650002600464020250522152211.0030519s19uu xx 00 eng d aPHS LB 1060b.B78 2003 aBruder, Angeline. aThe Significant relationship between the age and the degree of learning of students who are enrolled at John Robert Powers, Makati /cAngeline Bruder. aLas Piñas City, Philippines :bSouthville International School and Colleges,c2003. a24 pages :billustrations ;c28 cm. aIncludes bibliographical references. aLearning, Psychology of. aAge and intelligence.